Scientist : (Record no. 5528)

MARC details
000 -LEADER
fixed length control field 01039nam a22003137a 4500
001 - CONTROL NUMBER
control field 5528
003 - CONTROL NUMBER IDENTIFIER
control field FISKH
005 - DATE AND TIME OF LATEST TRANSACTION
control field 20250819110356.0
008 - FIXED-LENGTH DATA ELEMENTS--GENERAL INFORMATION
fixed length control field 241216b cb ||||| |||| 00| 0 eng d
020 ## - INTERNATIONAL STANDARD BOOK NUMBER
International Standard Book Number 0590621807
040 ## - CATALOGING SOURCE
Original cataloging agency FISKH
Language of cataloging eng
Transcribing agency FISKH
Modifying agency FISKH
050 ## - LIBRARY OF CONGRESS CALL NUMBER
Classification number Q141.R45
082 ## - DEWEY DECIMAL CLASSIFICATION NUMBER
Classification number 509.22
100 ## - MAIN ENTRY--PERSONAL NAME
Personal name Reid, Struan
245 ## - TITLE STATEMENT
Title Scientist :
Remainder of title from Achimedes to Einstein /
Statement of responsibility, etc. by Struan Reid and Patricia Fara
250 ## - EDITION STATEMENT
Edition statement First Scholastic printing, January 1996
260 ## - PUBLICATION, DISTRIBUTION, ETC.
Place of publication, distribution, etc. New York :
Name of publisher, distributor, etc. Scholastic ;
Date of publication, distribution, etc. 1992.
300 ## - PHYSICAL DESCRIPTION
Extent 47 pages :
Other physical details color illustrations ;
Dimensions 26 cm .
490 ## - SERIES STATEMENT
Series statement The usborne book of ...
505 ## - FORMATTED CONTENTS NOTE
Formatted contents note Z <br/>
520 ## - SUMMARY, ETC.
Summary, etc. Tells the story of remarkable scientists--famous as well as lesser-known figures--whose research and discoveries have changed the world.
521 8# - TARGET AUDIENCE NOTE
Target audience note 1110 <br/>
Source Lexile <br/>
521 8# - TARGET AUDIENCE NOTE
Target audience note Z <br/>
Source Raz-Plus <br/>
650 ## - SUBJECT ADDED ENTRY--TOPICAL TERM
Topical term or geographic name entry element Archimedes
Form subdivision Non-fiction
700 ## - ADDED ENTRY--PERSONAL NAME
Personal name Conlin, Stephen
Relator term illustrator
700 ## - ADDED ENTRY--PERSONAL NAME
Personal name Dennis , Peter
Relator term illustrator
942 ## - ADDED ENTRY ELEMENTS (KOHA)
Source of classification or shelving scheme Dewey Decimal Classification
Koha item type Books
Suppress in OPAC No
Holdings
Withdrawn status Lost status Source of classification or shelving scheme Damaged status Not for loan Collection Home library Current library Shelving location Date acquired Total Checkouts Full call number Barcode Date last seen Copy number Price effective from Koha item type
    Dewey Decimal Classification     Non-Fiction Footprints International School Library Network Toul Kork Campus Footprints International School Library Network Toul Kork Campus A TK Campus, 4th Floor, Room B401, Non-Fiction Bookcases(7-8) 04/03/2025   REI 509.22 Q141.R45 FISTK05571 04/03/2025 2 04/03/2025 Books
    Dewey Decimal Classification     Non-Fiction Footprints International School Library Network Toul Tom Poung Campus Footprints International School Library Network Toul Tom Poung Campus TTP Secondary Non-Fiction Bookshelves 12/16/2024   REI 509.22 Q141.R45 FISSE00863 12/16/2024 1 12/16/2024 Books
    Dewey Decimal Classification     Non-Fiction Footprints International School Library Network Toul Tom Poung Campus Footprints International School Library Network Toul Tom Poung Campus TTP Secondary Non-Fiction Bookshelves 08/19/2025   REI 509.22 Q141.R45 FISTK04985 08/19/2025 3 08/19/2025 Books